Knowledge portal for addressing corporate sustainability issues (Record no. 107119)
[ view plain ]
| 000 -LEADER | |
|---|---|
| fixed length control field | 01355cam a22002295a 4500 |
| 001 - CONTROL NUMBER | |
| control field | L138316 |
| 008 - FIXED-LENGTH DATA ELEMENTS--GENERAL INFORMATION | |
| fixed length control field | 070529e2006 xxk f 100 0 eng d |
| 035 ## - SYSTEM CONTROL NUMBER | |
| System control number | (Sirsi) u138316 |
| 041 0# - LANGUAGE CODE | |
| Language code of text/sound track or separate title | eng |
| 100 1# - MAIN ENTRY--PERSONAL NAME | |
| Personal name | Renukappa, S. |
| 245 00 - TITLE STATEMENT | |
| Title | Knowledge portal for addressing corporate sustainability issues |
| Remainder of title | a conceptual framework |
| Medium | [electronic resource] |
| 260 ## - PUBLICATION, DISTRIBUTION, ETC. | |
| Date of publication, distribution, etc. | 2006 |
| 490 #0 - SERIES STATEMENT | |
| Series statement | COBRA |
| Volume/sequential designation | 2006 |
| 520 ## - SUMMARY, ETC. | |
| Summary, etc. | Discusses managing the change and knowledge associated with sustainability initiatives for organisational competitiveness. Reports that taking the knowledge of stakeholders into account can be a particularly useful way of addressing sustainability issues. Reports that the key challenges impacting on the successful implementation of knowledge portals to address corporate sustainability issues effectively are lack of leadership, commitment from top management, organisational culture, people and technology. |
| 651 #4 - SUBJECT ADDED ENTRY--GEOGRAPHIC NAME | |
| Geographic name | International |
| 690 ## - LOCAL SUBJECT ADDED ENTRY--TOPICAL TERM (OCLC, RLIN) | |
| Topical term or geographic name as entry element | MANAGEMENT-BUSINESS MANAGEMENT-INFORMATION MANAGEMENT-KNOWLEDGE MANAGEMENT |
| 700 1# - ADDED ENTRY--PERSONAL NAME | |
| Personal name | Egbu, C. |
| 700 1# - ADDED ENTRY--PERSONAL NAME | |
| Personal name | Kumar, B. |
| 711 2# - ADDED ENTRY--MEETING NAME | |
| Meeting name or jurisdiction name as entry element | Construction and Building Research Conference |
| Location of meeting | University College London, London |
| Date of meeting or treaty signing | 7-8 September 2006 |
| 856 40 - ELECTRONIC LOCATION AND ACCESS | |
| Uniform Resource Identifier | <a href="https://www.rics.org/site/scripts/download_info.aspx?downloadID=2911">https://www.rics.org/site/scripts/download_info.aspx?downloadID=2911</a> |
| Public note | View the item free of charge at www.rics.org... |
| 942 ## - ADDED ENTRY ELEMENTS (KOHA) | |
| Suppress in OPAC | 0 |
| Withdrawn status | Lost status | Source of classification or shelving scheme | Damaged status | Not for loan | Home library | Current library | Shelving location | Date acquired | Total Checkouts | Full call number | Barcode | Date last seen | Copy number | Price effective from | Koha item type |
|---|---|---|---|---|---|---|---|---|---|---|---|---|---|---|---|
| Dewey Decimal Classification | Virtual | Virtual | Online | 29/05/2007 | ONLINE PUBLICATION | 138316-2001 | 06/08/2019 | 1 | 06/08/2019 | Book |